Řízení v proudu času a změn

Meniace sa názory a prístupy na podnikovú organizáciu, riadenie a vedenie ľudí. Historický pohľad na svetovú ekonomiku riadenie a biznis.

Gespeichert in:
Bibliographische Detailangaben
1. Verfasser: Jirásek, Jaroslav A.
Format: Buchkapitel
Sprache:Tschechisch
Schlagworte:
Tags: Tag hinzufügen
Keine Tags, Fügen Sie das erste Tag hinzu!

MARC

LEADER 00000naa a2200000 4500
001 r044444
005 20231002103929.3
041 0 |a cze 
044 |a CZ 
245 1 0 |a Řízení v proudu času a změn  |c Jaroslav A. Jirásek 
520 |a Meniace sa názory a prístupy na podnikovú organizáciu, riadenie a vedenie ľudí. Historický pohľad na svetovú ekonomiku riadenie a biznis. 
610 2 0 |a riadenie hospodárske 
610 2 0 |a riadenie podnikové 
610 2 0 |a hospodárstvo svetové 
610 2 0 |a história 
610 2 0 |a prostredie podnikateľské 
610 2 0 |a Weber, M. 
610 2 0 |a Peters, T.J. 
610 2 0 |a Naisbitt, J. 
100 1 |a Jirásek, Jaroslav A.